00486 2200193 4500001002100000005001500021035002000036007000300056008004100059082001000100084001600110100002000126245006000146250001000206260003400216300002500250990000800275990000900283INLIS00000000000036320170925100328 a0010-0917000349ta170925 f 0 ind  a297.3 a297.3 SYA u0 aSyahminan Zaini1 aUntuk apa Seorang Muslim Shalat /cDrs. Syahminan Zaini aCet 2 aJakarta :bKalam Mulia,c1999 a90hlm ;c14 x 20 cm a106 a106a